Chelsea FC Squad 2020-2021 - Statistics

General Stats
  • This quiz has been taken 145 times
    128 since last reset
  • The average score is 24 of 27
Answer Stats
# Position Nation Player % Correct
2 DF Germany Antonio Rüdiger
100%
1 GK Spain Kepa Arrizabalaga
100%
4 DF Denmark Andreas Christensen
99%
10 FW United States Christian Pulisic
99%
5 MF Italy Jorginho
99%
29 MF Germany Kai Havertz
98%
17 MF Croatia Mateo Kovačić
97%
7 MF France N'Golo Kanté
97%
16 GK Senegal Edouard Mendy
96%
6 DF Brazil Thiago Silva
95%
11 FW Germany Timo Werner
95%
19 MF England Mason Mount
93%
22 FW Morocco Hakim Ziyech
92%
9 FW England Tammy Abraham
91%
- Coach Germany Thomas Tuchel
91%
28 DF Spain César Azpilicueta
90%
24 DF England Reece James
89%
3 DF Spain Marcos Alonso
88%
18 FW France Olivier Giroud
87%
- Coach England Frank Lampard
84%
13 GK Argentina Willy Caballero
82%
21 DF England Ben Chilwell
80%
23 MF Scotland Billy Gilmour
76%
20 FW England Callum Hudson-Odoi
74%
15 DF France Kurt Zouma
73%
33 DF Brazil Emerson Palmieri
62%
14 DF England Fikayo Tomori
57%
No matching quizzes found
Score Distribution
Percent of People with Each Score
Percentile by Number Answered
Your Score History
You have not taken this quiz since the last reset